| 000 | 00359nam a2200145Ia 4500 | ||
|---|---|---|---|
| 008 | 150201s2004 xx 000 0 und d | ||
| 082 |
_a612 _bU2004B |
||
| 100 | _aBIJLANI,R.L. | ||
| 245 | _aUNDERSTANDING MEDICAL PHYSIOLOGY | ||
| 250 | _a3RD | ||
| 260 |
_bJAYPEE MEDICAL PUBLISHER _aDELHI _c2004 |
||
| 300 | _a1-750 | ||
| 650 | _aPHYSIOLOGY | ||
| 942 |
_2ddc _cBK |
||
| 999 |
_c3664 _d3664 |
||